| 000 | 00729nam a22002297a 4500 | ||
|---|---|---|---|
| 001 | 48797 | ||
| 003 | BD-RjUL | ||
| 005 | 20211209054604.0 | ||
| 008 | 160816s1978 bg ||||| |||| 00| 0 ben d | ||
| 020 | _c : TK 8.00 | ||
| 035 | _a(BD-RjUL)48916 | ||
| 040 |
_aBD-RjUL _bben _cBD-RjUL |
||
| 041 | _aben | ||
| 082 |
_223 _a891.442 _bAHP 1978 |
||
| 100 | 1 |
_aআহমেদ, সাঈদ _9147140 |
|
| 245 | 1 | 0 |
_aপ্রতিদিন একদিন / _cসাঈদ আহমেদ |
| 260 |
_aঢাকা : _bবাংলা একাডেমী, _c১৯৭৮. |
||
| 300 |
_a৫৫ পৃ. ; _c২২ সেমি. |
||
| 650 |
_aবাংলা নাটক _9147141 |
||
| 650 |
_aBengali drama _9147142 |
||
| 942 |
_2ddc _cBK |
||
| 999 |
_c48797 _d48797 |
||